Southville International School and Colleges
Your cart is empty.
  • Cart
  • Lists
    Public lists Eva Luna New books Lux_list list_1
    Your lists Log in to create your own lists
  • Log in to your account
  • Your cookies
  • Search history
Southville International School and Colleges
  • Advanced search
  • Recent comments
  • Most popular
  • Libraries

Log in to your account

Log in with GOOGLE


If you do not have an external account, but do have a local account, you can still log in:

  1. Home
  2. MARC view: How to begin studying English literature /
Normal view MARC view ISBD view

How to begin studying English literature / (Record no. 10365)

[ view plain ]
MARC details
000 -LEADER
fixed length control field 00927cam a2200289 a 4500
001 - CONTROL NUMBER
control field 1499296
003 - CONTROL NUMBER IDENTIFIER
control field OSt
005 - DATE AND TIME OF LATEST TRANSACTION
control field 20140310182207.0
008 - FIXED-LENGTH DATA ELEMENTS--GENERAL INFORMATION
fixed length control field 880701s1987 enk 000 0 eng
010 ## - LIBRARY OF CONGRESS CONTROL NUMBER
LC control number 88156954
020 ## - INTERNATIONAL STANDARD BOOK NUMBER
International Standard Book Number 0333968719
040 ## - CATALOGING SOURCE
Original cataloging agency DLC
Transcribing agency DLC
Modifying agency DLC
043 ## - GEOGRAPHIC AREA CODE
Geographic area code e-uk---
050 00 - LIBRARY OF CONGRESS CALL NUMBER
Classification number PR 33
Item number .M365 2002
082 00 - DEWEY DECIMAL CLASSIFICATION NUMBER
Classification number HS 820.7
Item number M35 2002
100 1# - MAIN ENTRY--PERSONAL NAME
Personal name Marsh, Nicholas,
Dates associated with a name 1948-
9 (RLIN) 16551
245 10 - TITLE STATEMENT
Title How to begin studying English literature /
Statement of responsibility, etc Nicholas Marsh.
260 ## - PUBLICATION, DISTRIBUTION, ETC. (IMPRINT)
Place of publication, distribution, etc New York :
Name of publisher, distributor, etc Pakgrave,
Date of publication, distribution, etc c2002
300 ## - PHYSICAL DESCRIPTION
Extent 150 p. :
Dimensions 22 cm.
440 #0 - SERIES STATEMENT/ADDED ENTRY--TITLE
Title How to study literature
9 (RLIN) 16552
500 ## - GENERAL NOTE
General note Includes index.
650 #0 - SUBJECT ADDED ENTRY--TOPICAL TERM
Topical term or geographic name as entry element English literature
General subdivision Examinations
-- Study guides.
9 (RLIN) 16553
906 ## - LOCAL DATA ELEMENT F, LDF (RLIN)
a 7
b cbc
c orignew
d 3
e ncip
f 19
g y-gencatlg
942 ## - ADDED ENTRY ELEMENTS (KOHA)
Source of classification or shelving scheme Library of Congress Classification
Koha item type
Holdings
Withdrawn status Lost status Source of classification or shelving scheme Damaged status Home library Current library Shelving location Date acquired Total Checkouts Full call number Barcode Date last seen Copy number Price effective from Koha item type
    Library of Congress Classification   Luxembourg Library Luxembourg Library High School Section 09/04/2013   PR 33 .M365 2002 13945 03/08/2016 1 09/04/2013 Books

How to begin studying English literature /

APA

Marsh N., . (2002). How to begin studying English literature. New York: Pakgrave.

Chicago

Marsh Nicholas, . 2002. How to begin studying English literature. New York: Pakgrave.

Harvard

Marsh N., . (2002). How to begin studying English literature. New York: Pakgrave.

MLA

Marsh Nicholas, . How to begin studying English literature. New York: Pakgrave. 2002.

  • Place hold
  • Print
  • Cite
  • Add to your cart (remove)
  • Save record
    BIBTEX Dublin Core MARCXML MARC (non-Unicode/MARC-8) MARC (Unicode/UTF-8) MARC (Unicode/UTF-8, Standard) MODS (XML) RIS
  • More searches
    Search for this title in:
    Other Libraries (WorldCat) Other Databases (Google Scholar) Online Stores (Bookfinder.com) Open Library (openlibrary.org)

Exporting to Dublin Core...

SOUTHVILLE LIBRARY

Southville International School and Colleges Library

1281 Tropical Ave. Cor. Luxembourg St., BF Homes International, Las Pinas City

Tel. No. 8256374 / 252358 Loc. 117/146

Powered by Koha